00641nam a2200169 a 450000100100000000500170001000800410002704000250006808200190009310000210011224501130013326000330024630000280027950001190030770000280042670000170045400004433520201002045312.0140617s199? dr a 000 0 spa d aDO-SdBNPbspacBNPHU axxxxxxbxxxxxx1 aRosa, Alma de la10aCurso de física básica conceptos y aplicaciones /cAlma de la Rosa, Clara Elena Florezán, Ondina Moya. aSanto Domingo :bUASD,c199? a211 p. :bil. ;c27 cm. aPara uso de los estudiantes de física básica, del ciclo básico de la Universidad Autónoma de Santo Domingo1 aFlorezán, Clara Elena1 aMoya, Ondina